000 00837nam a2200289 a 4500
003 AR-BaBNM
005 20251128204610.0
008 082120s2002 ||||||||||||||000 | spa||
020 _a84-204-3211-3
040 _cAR-BaBNM
100 1 _aEnde, Michael
245 0 0 _aMomo
_bo la extraña historia de los ladrones del tiempo y de la niña que devolvió el tiempo a los hombres
260 _aMadrid
_bAlfaguara
_c1992
300 _a255 p.
_bil.
490 0 _aJuvenil Alfaguara
_vv. 11
500 _aContiene ilustraciones realizadas por el autor
650 4 _aLITERATURA INFANTIL
650 4 _aLIBROS PARA NIÑOS
650 4 _aCUENTOS DE HADAS
650 4 _aHUMOR
653 _aNARRATIVA
653 _aCUENTO FANTASTICO
655 _aLITERATURA
700 1 _aConstante, Susana
_etraductor
942 _cBK
998 _cMARTIN
999 _c8072
_d8072